=LDR 00000nam 2200000 4500 =001 INLIS000000000006243 =005 20130612094410 =008 ***********************************Ind** =035 ##$$0010-061300000006243 =041 ##$$a Ind =082 ##$$a 2x4.27 =090 ##$$a 2x4.27, Zuh r =100 ##$$a Zuhri, Muh =245 ##$$a Riba' dalam Al-Qur'an dan masalah perbankan (sebuah, tilikan mutisipatif), Dr. Muh. Zuhri =260 ##$$a 1996 $b Jakarta =300 ##$$a xii, 198 hlm., 21 cm =650 ##$$a Riba =850 ##$$a NBPNMAT